000 00445nam a2200109Ia 4500
008 220620s9999||||xx |||||||||||||| ||und||
245 0 _aEmerging Security Technologies and EU Governance
_bActors, Practices and Processes
546 _aEnglish[eng]
650 _aEU||cyber||drones||dual-use||governance||robotics||security||technologies||HBJD||JPSN||JPS||JPV||JW
700 _aCalcara, Antonio||Csernatoni, Raluca||Lavallée, Chantal
942 _cEB
999 _c34023
_d34023